000 00634nam a2200217Ia 4500
005 20250508165559.0
008 008 250505s9999 xx 000 0 eng d
020 _a978-1-4833-1990-2
037 _aReference
040 _aFEDL
_beng
_cFEDL
041 _aeng
_2eng
084 _a305.8, FER/RR
_qFEDL
100 _aFerguson Susan J Ed.
245 0 _aRace, gender sexuality and social class: Dimensions of inequality and identity
250 _a2
260 _aThousand Oaks, Calfornia
_bSage
_c2016
300 _axxvii, 627p.
365 _aUSD
_b64
942 _cREF
_h305.8, FER/RR
999 _c1395977
_d1395977